Statistiques concernant Les 10 jeux vidéo les plus vendus sur Xbox One

Cliquez ici pour prendre le quiz!

Statistiques générales

  • Ce quiz a été pris 189 fois
  • Le résultat moyen est 7 sur 10

Statistiques - réponses

JeuGenreEditeurVentes (en millions)% Correct
1erGrand Theft Auto VAction-aventureRockstar7,4
95%
3eCall of Duty: Advanced WarfareFPSActivision5,2
91%
2eCall of Duty: Black Ops IIIFPSActivision7,2
91%
8eCall of Duty: Infinite WarfareFPSActivision4,6
91%
9eCall of Duty: WWIIFPSActivision4,6
91%
10eMinecraftBac à sable (ou sandbox)Microsoft4,3
66%
4eBattlefield 1FPSElectronic Arts5,1
60%
5eHalo 5: GuardiansFPSMicrosoft5
58%
7eFallout 4Action-RPGBethesda4,7
37%
6ePlayerUnknown's BattlegroundsBattle royaleMicrosoft5
6%

Distribution des résultats

Percentile par nombre de réponses

% des personnes avec chaque résultat

Votre développement - résultats

Vous n’avez pas pris ce quiz